Normal view MARC view

Entry Topical Term

Number of records used in: 1

001 - CONTROL NUMBER

  • control field: 10565

003 - CONTROL NUMBER IDENTIFIER

  • control field: OSt

005 - DATE AND TIME OF LATEST TRANSACTION

  • control field: 20160803183535.0

008 - FIXED-LENGTH DATA ELEMENTS

  • fixed length control field: 160803|| aca||aabn | a|a d

040 ## - CATALOGING SOURCE

  • Original cataloging agency: OSt
  • Transcribing agency: OSt

150 ## - HEADING--TOPICAL TERM

  • Topical term or geographic name entry element: Ethical issues

670 ## - SOURCE DATA FOUND

  • Source citation: Work cat.: (OSt): Geddes, E. Lynne 10564, Ethical issues relevant to physical therapy /, 1991